| 000 | 01319nam a22003137i 4500 | ||
|---|---|---|---|
| 003 | EG-GICUC | ||
| 005 | 20260121101529.0 | ||
| 008 | 251220s1975 ua ||||fr|||| 00| 0 ara d | ||
| 040 |
_a EG-GICUC _bara _c EG-GICUC _d EG-GICUC _erda |
||
| 041 | _aara | ||
| 082 | 0 | 4 |
_221 _a343.643 _bم ح . ج |
| 092 | 0 | 4 | _221 |
| 099 | _aLaw1 10 343.6 م ح . ج 1 ed - 1975 | ||
| 100 | 0 |
_aمحمد عارف _eمؤلف. |
|
| 245 | 1 | 2 |
_aالجريمة في المجتمع : _bنقد منهجى لتفسير السلوك الاجرامى / _cمحمد عارف. |
| 250 | _aالطبعة الاولى | ||
| 264 | 1 |
_aالقاهرة : _bمكتبة الانجلوا المصرية، _c1975. |
|
| 300 |
_a831 ؛ صفحة _bإيضاحيات، صور، مثيليات ؛ _c24 سم |
||
| 336 |
_2rda content _atext |
||
| 337 |
_2rda media _aComputer |
||
| 338 |
_2rda carrier _aOnline Resource |
||
| 504 | _aيحتوي على ارجاعات ببليوجرافية يحتوي على قائمة بالمراجع | ||
| 546 | _aالنص أغلبه باللغة العربية بعض النصوص الإنجليزية والفرنسية | ||
| 650 | 1 |
_aالبيئة الاجتماعية والجريمة _2qrmak |
|
| 651 | 1 | _2qrmak | |
| 856 | 4 | 0 | _uhttps://fll.law.cu.edu.eg/fulltext/bks/B10-07089.pdf |
| 905 | _a75 | ||
| 942 |
_2ddc _cBK _e21 _n0 |
||
| 999 |
_c51989 _d51989 |
||